Možnosti financovania potrieb chránenej dielne diplomová práca

Gespeichert in:
Bibliographische Detailangaben
1. Verfasser: Miklušová, Alžbeta
Körperschaft: Podnikovohospodárska fakulta EU so sídlom v Košiciach. Katedra ekonómie
Weitere Verfasser: Hirjak, Peter
Format: Buch
Sprache:Slowakisch
Veröffentlicht: Košice 2009
Tags: Tag hinzufügen
Keine Tags, Fügen Sie das erste Tag hinzu!

MARC

LEADER 00000nam$a2200000$$$4500
001 0098820
005 20240827092554.8
041 0 |a slo 
044 |a SK 
245 1 0 |a Možnosti financovania potrieb chránenej dielne  |b diplomová práca  |c Alžbeta Miklušová ; škol. Peter Hirjak 
264 1 |a Košice  |c 2009 
300 |a 116 s. 
100 1 |a Miklušová, Alžbeta 
700 1 |a Hirjak, Peter 
710 2 |a Podnikovohospodárska fakulta EU so sídlom v Košiciach. Katedra ekonómie